000 00850nam a2200241Ia 4500
003 OSt
005 20220923225213.0
006 a|||||r|||| 00| 0
007 ta
008 220922b |||||||| |||| 00| 0 hin d
024 _a259,993
037 _cTextual
040 _aARTS
_cARTS
_bhin
041 _2hin
_ahin
082 _aQ22:227:g, 152K8;N5
100 _aअवस्थी, अवधबिहारी लाल
245 0 _aगरुड़ पुराण
_b एकअध्ययन
246 _aGaruड़ purāṇa: ekaadhyayana
260 _aदिल्ली
_b चौखम्बा संस्कृत प्रतिष्ठान
_c1995
300 _a474पृ.
_ccm.
942 _hQ22:227:g, 152K8;N5
_cTEXL
_2CC
999 _c376703
_d376703